|
|
|
|
| LEADER |
01080nam a22003012i 4500 |
| 001 |
001480835 |
| 003 |
CZ BrMZK |
| 005 |
20160222134600.0 |
| 007 |
ta |
| 008 |
150723s1950 ru er|||||||||||rus d |
| 040 |
|
|
|a ABA001
|b cze
|d ABC013
|d BOA001
|e rda
|
| 072 |
|
7 |
|a 334
|x Formy organizace a spolupráce v ekonomice
|2 Konspekt
|9 4
|
| 080 |
|
|
|a 334.716
|2 MRF
|
| 100 |
1 |
|
|a Šolomovič, Iosif Aronovič
|4 aut
|
| 245 |
1 |
0 |
|a Analiz chozjajstvennoj dejatel'nosti promyšlennogo predprijatija /
|c I.A.Šolomovič
|
| 250 |
|
|
|a 2-oje dopolnennoje i ispravlennoje izdanije
|
| 264 |
|
1 |
|a Moskva :
|b Gosfinizdat,
|c 1950
|
| 300 |
|
|
|a 206 stran ;
|c 22 cm
|
| 336 |
|
|
|a text
|b txt
|2 rdacontent
|
| 337 |
|
|
|a bez média
|b n
|2 rdamedia
|
| 338 |
|
|
|a svazek
|b nc
|2 rdacarrier
|
| 650 |
0 |
7 |
|a průmyslové podniky
|7 ph115931
|2 czenas
|
| 650 |
0 |
7 |
|a ekonomické činnosti
|7 ph119834
|x analýza
|2 czenas
|
| 655 |
|
7 |
|a monografie
|7 fd132842
|2 czenas
|
| 910 |
|
|
|a BOA001
|b 2-0267.018
|
| 990 |
|
|
|a BK
|
| 991 |
|
|
|b 201507
|
| 996 |
7 |
|
|b 2618715408
|c 2-0267.018
|l MZK
|r Sklad / do 24 hodin
|n 0
|w 001515810
|u 000010
|a 1
|e BOA001
|j MZK50
|s A
|